| 000 | 00360nam a2200157Ia 4500 | ||
|---|---|---|---|
| 008 | 230605s2006 xx 000 0 und d | ||
| 041 | _aeng | ||
| 100 | _aSharpley /Telfer | ||
| 245 | _aTourism & Development | ||
| 260 |
_bViva books Mumbai _c2006 _c2006 |
||
| 300 | _a397 | ||
| 365 |
_b396 _h20 |
||
| 500 | _a327 | ||
| 520 | _aGeneral | ||
| 650 | _aTourism | ||
| 999 |
_c418208 _d418208 |
||